| Tag |
First Indicator |
Second Indicator |
Subfields |
| LEADER |
00000cam a2200000 a 4500 |
| 001 |
in00000003288 |
| 005 |
20151007051112.0 |
| 008 |
990510s1999 mtuab b f000 0 eng d |
| 035 |
|
|
|a (OCoLC)41334305
|
| 035 |
|
|
|9 AJG6512AM
|
| 040 |
|
|
|d GPO
|d DLC
|d MvI
|d UtOrBLW
|
| 043 |
|
|
|a n-us-mt
|
| 049 |
|
|
|a UDOC
|
| 074 |
|
|
|a 0624-B
|
| 086 |
0 |
|
|a I 19.42/4:99-4026
|
| 100 |
1 |
|
|a Cleasby, Thomas E.
|
| 245 |
1 |
0 |
|a Effluent mixing characteristics below four wastewater-treatment facilities in southwestern Montana, 1997 /
|c by Thomas E. Cleasby and Kent A. Dodge ; in cooperation with the Montana Department of Environmental Quality.
|
| 264 |
|
1 |
|a Helena, Mont. :
|b U.S. Dept. of the Interior, U.S. Geological Survey ;
|c [1999]
|
| 264 |
|
2 |
|a Denver, CO :
|b Branch of Information Services [distributor],
|
| 300 |
|
|
|a iv, 40 pages :
|b illustrations, maps ;
|c 28 cm.
|
| 336 |
|
|
|a text
|b txt
|2 rdacontent
|
| 337 |
|
|
|a unmediated
|b n
|2 rdamedia
|
| 338 |
|
|
|a volume
|b nc
|2 rdacarrier
|
| 490 |
1 |
|
|a Water-resources investigations report ;
|v 99-4026
|
| 500 |
|
|
|a "March 1999"--Title page verso.
|
| 500 |
|
|
|a Shipping list number: 99-0214-P.
|
| 504 |
|
|
|a Includes bibliographical references (pages 26-27).
|
| 650 |
|
0 |
|a Sewage disposal plants
|x Environmental aspects
|z Montana.
|
| 650 |
|
0 |
|a Hydrodynamics.
|
| 650 |
|
0 |
|a Water quality
|z Montana.
|
| 700 |
1 |
|
|a Dodge, Kent A.
|
| 710 |
1 |
|
|a Montana.
|b Department of Environmental Quality.
|
| 710 |
2 |
|
|a Geological Survey (U.S.)
|
| 830 |
|
0 |
|a Water-resources investigations report ;
|v 99-4026.
|
| 999 |
|
|
|a MARS
|
| 999 |
f |
f |
|s 11516297-b19c-3c16-a421-f80e07293ba9
|i b92e17e7-ac12-397c-b76c-89f7fec832b5
|t 0
|
| 952 |
f |
f |
|p normal
|a Texas A&M University
|b College Station
|c Sterling C. Evans Library
|d Evans: US Documents (Annex 5th floor)
|t 0
|e I 19.42/4:99-4026
|h Superintendent of Documents classification
|i unmediated -- volume
|m A14824476987
|
| 998 |
f |
f |
|a I 19.42/4:99-4026
|t 0
|l Evans: US Documents (Annex 5th floor)
|